000 00318nam a22001337a 4500
003 OSt
008 250215b |||||||| |||| 00| 0 eng d
041 _aeng
100 _aSukumar, DE
_91580
245 _aOutlines of Diary Technology
250 _a1st
260 _aDelhi:
_bOxford University Press,
_c1997.
942 _cBK
999 _c19391
_d19391